00669nam a22001817a 4500003000500000038001800005082000800023100002800031245012200059264003500181300001100216650004000227700004600267856005700313942001200370999001900382952008600401NUST aNusrat Nadeem a200 aBasharat, Sarah9127718 aExploiting Reconfigurable Intelligent Surfaces for Performance Enhancement in 6G Wireless Networks/cSarah Basharat,  aIslamabad;bSEECS NUST;c2024. a157,p; aPhD- Electrical Engineering 984162 aSupervisor: Prof. Syed Ali Hassan9124796 uhttp://10.250.8.41:8080/xmlui/handle/123456789/49149 2ddccSC c612760d612760 00104070aCLbCLcTHEd2025-01-24l0o200pCLPT-681r2025-01-24w2025-01-24ySC